LEADER 02710nam1 22004331i 450 001 UON00051565 005 20231205102228.208 100 $a20020107g19711978 |0itac50 ba 101 $ajpn 102 $aJP 105 $a||||p ||||| 200 1 $aNihonbun dashi$fIto Sei 210 $aTokyo$cKodansha$d1971-78 215 $a15 v.$d20 c 300 $aPosseduti 1-12, 15 463 1$1001UON00051566$12001 $aKaikaki no hitobito$fIto Sei$1210 $aTokyo$cKodansha$d1971$1215 $a289, 9 p.$d20 cm$v1 463 1$1001UON00051576$12001 $aShinbugaku no gunsei li$fIto Sei$1210 $aTokyo$cKodansha$d1978$1215 $a259, 20 p.$d20 cm$v10 463 1$1001UON00051577$12001 $aShizen shugi no bukkoki$fIto Sei$1210 $aTokyo$cKodansha$d1978$1215 $a243, 20 p.$d20 cm$v11 463 1$1001UON00051578$12001 $aShizen shugi no saiseki$fIto Sei$1210 $aTokyo$cKodansha$d1978$1215 $a320, 21 p.$d20 cm$v12 463 1$1001UON00051926$12001 $aHan shizen shugi no hitotachi$fIto Sei$1210 $aTokyo$cKodansha$d1971$1215 $a262, 18 p.$d20 cm$v13 463 1$1001UON00051923$12001 $aTaitoha no hitotachi$fIto Sei$1210 $aTokyo$cKodansha$d1971$1215 $a270, 16 p.$d20 cm$v13 463 1$1001UON00051579$12001 $aKindaigeki undo no hossoku$fIto Sei$1210 $aTokyo$cKodansha$d1978$1215 $a209, 16 p.$d20 cm$v15 463 1$1001UON00051567$12001 $aShinbun gaku no soshisha tachi$fIto Sei$1210 $aTokyo$cKodansha$d1978$1215 $a323, 18 p.$d20 cm$v2 463 1$1001UON00051568$12001 $aNaya meru wakodo no gun$fIto Sei$1210 $aTokyo$cKodansha$d1978$1215 $a302, 17 p.$d20 cm$v3 463 1$1001UON00051569$12001 $aKenyusha to ichi yono jidai$fIto Sei$1210 $aTokyo$cKodansha$d1978$1215 $a279, 18 p.$d20 cm$v4 463 1$1001UON00051570$12001 $aShijin to kakumeika tachi$fIto Sei$1210 $aTokyo$cKodansha$d1978$1215 $a274, 20 p.$d20 cm$v5 463 1$1001UON00051571$12001 $aMeiji shicho no tentanki$fIto Sei$1210 $aTokyo$cKodansha$d1978$1215 $a273, 22 p.$d20 cm$v6 463 1$1001UON00051572$12001 $aKenyusha no jidai owaru$fIto Sei$1210 $aTokyo$cKodansha$d1978$1215 $a305, 23 p.$d20 cm$v7 463 1$1001UON00051573$12001 $aNichironsenso no jidai$fIto Sei$1210 $aTokyo$cKodansha$d1978$1215 $a220, 18 p.$d20 cm$v8 463 1$1001UON00051574$12001 $aNichiro sengo no shinbungaku$fIto Sei$1210 $aTokyo$cKodansha$d1978$1215 $a231, 18 p.$d20 cm$v9 606 $aLetteratura giapponese$xStoria$3UONC000224$2FI 620 $aJP$dTo?kyo?$3UONL000031 686 $aGIA VI$cGIAPPONE - LETTERATURA$2A 700 0$aITO Sei$3UONV032703$0634573 712 $aKo?dansha$3UONV246777$4650 801 $aIT$bSOL$c20250606$gRICA 912 $aUON00051565 996 $aNihonbun dashi$91210776 997 $aUNIOR LEADER 02869oas 2201141 a 450 001 9910145717903321 005 20251106213014.0 011 $a1879-2618 035 $a(DE-599)ZDB2209502-0 035 $a(DE-599)2209502-0 035 $a(OCoLC)40742111 035 $a(CONSER) 2003233276 035 $a(CKB)954925622229 035 $a(EXLCZ)99954925622229 100 $a19990205a19989999 sy a 101 0 $aeng 135 $aurmnu|||||||| 181 $ctxt$2rdacontent 182 $cc$2rdamedia 183 $acr$2rdacarrier 200 00$aBiochimica et biophysica acta$iMolecular and cell biology of lipids 210 $a[New York] $cElsevier Science$d1998- 215 $a1 online resource 300 $aRefereed/Peer-reviewed 300 $aTitle from contents page (ScienceDirect, viewed October 23, 2003). 311 08$a1388-1981 517 3 $aMolecular and cell biology of lipids 517 1 $aBBA. 531 1 $aBiochim. biophys. acta, Mol. cell biol. lipids 606 $aLipids$vPeriodicals 606 $aLipids 606 $aLipids$xSynthesis 606 $aLipids$xMetabolism 606 $aLipids 606 $aLipid Metabolism 606 $aLipogene?se 606 $aLipides$xMe?tabolisme 606 $aLipides$vPe?riodiques 606 $aLipides 606 $alipid$2aat 606 $aLipids$xSynthesis$2fast$3(OCoLC)fst00999385 606 $aLipids$xMetabolism$2fast$3(OCoLC)fst00999374 606 $aLipids$2fast$3(OCoLC)fst00999367 608 $aPeriodical. 608 $aperiodicals.$2aat 608 $aPeriodicals.$2fast 608 $aPeriodicals.$2lcgft 608 $aPe?riodiques.$2rvmgf 615 0$aLipids 615 0$aLipids. 615 0$aLipids$xSynthesis. 615 0$aLipids$xMetabolism. 615 2$aLipids. 615 2$aLipid Metabolism. 615 6$aLipogene?se. 615 6$aLipides$xMe?tabolisme. 615 6$aLipides 615 6$aLipides. 615 7$alipid. 615 7$aLipids$xSynthesis. 615 7$aLipids$xMetabolism. 615 7$aLipids. 801 0$bTMC 801 1$bTMC 801 2$bCAS 801 2$bOCLCQ 801 2$bIUL 801 2$bOCLCQ 801 2$bGUA 801 2$bOCLCQ 801 2$bSBH 801 2$bOCLCQ 801 2$bAGL 801 2$bSERSO 801 2$bU9S 801 2$bOCLCQ 801 2$bOCLCO 801 2$bOCLCQ 801 2$bOCLCF 801 2$bOCLCQ 801 2$bBUF 801 2$bFUG 801 2$bVT2 801 2$bBWN 801 2$bCUS 801 2$bOCLCO 801 2$bOCLCQ 801 2$bOCLCO 801 2$bOCLCQ 801 2$bOCL 801 2$bUAB 801 2$bQGK 801 2$bOCLCA 801 2$bOCLCQ 906 $aJOURNAL 912 $a9910145717903321 996 $aBiochimica et biophysica acta$9799257 997 $aUNINA